Mixed Word: BIG Words Quiz Stats

Quiz Updated Oct 19, 2016

Challenge
Share
Tweet
Embed
Score 0/16 Timer 03:00
7 Plays Today
Hint Answer % Correct
GHEUHUGE
99%
TIGANGIANT
97.3%
LUKBYBULKY
95.9%
SVTAVAST
95.3%
GLARELARGE
93.2%
TANGGICIGIGANTIC
89.8%
BJUOMJUMBO
89.3%
MATHMOMMAMMOTH
86.4%
Hint Answer % Correct
AVISESMMASSIVE
83.4%
BOARDBROAD
77%
NUGRATANGAGARGANTUAN
71.7%
NUOGOSHUMHUMONGOUS
65.8%
LLSOACOSCOLOSSAL
62.2%
SEMEMINIMMENSE
49.6%
SURNOSMOTMONSTROUS
49.3%
UOMNOSERENORMOUS
43.5%

You're not logged in!

Compare scores with friends on all Sporcle quizzes.
Sign Up with Email
OR
Log In

You Might Also Like...

Show Comments

Extras

Top Quizzes Today


Score Distribution

Your Account Isn't Verified!

In order to create a playlist on Sporcle, you need to verify the email address you used during registration. Go to your Sporcle Settings to finish the process.